Linterna Mágica

Uloženo v:
Podrobná bibliografie
Hlavní autor: Bergman, Ingmar (Autor)
Médium: Kniha
Jazyk:španělština
Vydáno: Buenos Aires Tusquets 1988
Edice:Colección Andanzas, 64
Témata:
Tagy: Přidat tag
Žádné tagy, Buďte první, kdo vytvoří štítek k tomuto záznamu!

MARC

LEADER 00000nam a2200000 a 4500
001 UCW0091
003 CL-VaPUC
008 890303e19880000AG |||||||||||||||||spa|d
082 0 4 |a 791.4309  |b BER  |2 21 
100 0 |a Bergman, Ingmar  |e author  |9 269158 
245 1 0 |a Linterna Mágica 
300 |a 319 p 
942 |c BK 
945 |d 19890303 00:00:00 
260 |a Buenos Aires  |b Tusquets  |c 1988 
600 0 7 |a BERGMAN, INGMAR  |2 CL-VaPUC  |9 269158 
650 7 |a MEMORIAS  |2 CL-VaPUC  |9 269159 
650 0 |a Correspondencia  |9 258963 
583 |a last modification  |c 19890303 00:00:00  |k Rodrigo Vera 
490 0 |a Colección Andanzas, 64 
999 |c 215337  |d 215335 
952 |0 0  |1 0  |4 0  |6 791_430900000000000_BER_1988  |7 0  |8 R  |9 199476  |a BIBART  |b BIBART  |d 2019-11-14  |i 2667835  |o 791.4309 BER 1988  |p 2667835  |r 2025-03-13  |w 2019-11-14  |y BK_R  |k ART